Transmisión de datos y redes de comunicaciones

Saved in:
Bibliografiske detaljer
Hovedforfatter: Forouzan, Behrouz A (Author)
Format: Bog
Sprog:spansk
Udgivet: Madrid McGraw-Hill 2007
Udgivelse:4a. ed
Fag:
Tags: Tilføj Tag
Ingen Tags, Vær først til at tagge denne postø!

MARC

LEADER 00000nam a2200000 a 4500
001 UCI3146
003 CL-VaPUC
008 071012e20070000SP |||||||||||||||||spa|d
020 |a 9788448156176 
082 0 4 |a 004.66  |b FOR  |2 21 
100 0 |a Forouzan, Behrouz A  |e author  |9 524543 
245 1 0 |a Transmisión de datos y redes de comunicaciones 
250 |a 4a. ed 
300 |a 870 p 
942 |c BK 
945 |d 20071012 00:00:00  |a jtorresc 
260 |a Madrid  |b McGraw-Hill  |c 2007 
650 7 |a TRANSMISION DE DATOS  |2 CL-VaPUC  |9 460472 
650 7 |a COMUNICACION DE DATOS  |2 CL-VaPUC  |9 468211 
650 0 |a Redes de computadores  |9 263293 
650 7 |a INTERCONEXION DE REDES  |2 CL-VaPUC  |9 453594 
650 0 |a Internet   |9 254823 
650 0 |a Protocolos de redes   |9 464559 
650 7 |a REDES DE COMUNICACION  |2 CL-VaPUC  |9 373526 
583 |a last modification  |c 20071012 00:00:00  |k Rodrigo Vera 
999 |c 327519  |d 327517 
952 |0 0  |1 0  |4 0  |6 004_660000000000000_FOR_2007  |7 0  |8 A  |9 410416  |a BIBING  |b BIBING  |d 2019-11-22  |i 4375467  |o 004.66 FOR 2007  |p 4375467  |r 2024-01-25  |w 2019-11-22  |y BK  |k EIE 
952 |0 0  |1 0  |4 0  |6 004_660000000000000_FOR_2007  |7 0  |8 A  |9 410417  |a BIBING  |b BIBING  |d 2019-11-22  |i 4414144  |o 004.66 FOR 2007  |p 4414144  |r 2024-01-25  |w 2019-11-22  |y BK  |k EIE 
952 |0 0  |1 0  |4 0  |6 004_660000000000000_FOR_2007  |7 0  |8 A  |9 410418  |a BIBING  |b BIBING  |d 2019-11-22  |i 4414152  |o 004.66 FOR 2007  |p 4414152  |r 2024-01-25  |w 2019-11-22  |y BK  |k EIE 
952 |0 0  |1 0  |4 0  |6 004_660000000000000_FOR_2007  |7 0  |8 A  |9 410419  |a BIBING  |b BIBING  |d 2019-11-22  |i 4414128  |o 004.66 FOR 2007  |p 4414128  |r 2024-01-25  |w 2019-11-22  |y BK  |k EIE 
952 |0 0  |1 0  |4 0  |6 004_660000000000000_FOR_2007  |7 0  |8 A  |9 410420  |a BIBING  |b BIBING  |d 2019-11-22  |i 4414136  |o 004.66 FOR 2007  |p 4414136  |r 2024-01-25  |w 2019-11-22  |y BK  |k EIE 
952 |0 0  |1 0  |4 0  |6 004_660000000000000_FOR_2007  |7 0  |8 A  |9 410421  |a BIBING  |b BIBING  |d 2019-11-22  |i 4474104  |o 004.66 FOR 2007  |p 4474104  |r 2024-01-25  |w 2019-11-22  |y BK  |k EIE